[Event "Ogolnopolski-ch 55th"]
[Site "Zamosc"]
[Date "2013.??.??"]
[Round "2"]
[White "Urban, Wojciech"]
[Black "Gorzkiewicz, Lukasz"]
[Result "0-1"]
[WhiteElo "1972"]
[BlackElo "2111"]
[PlyCount "72"]
[EventDate "2013.06.07"]
[EventType "swiss"]
[EventRounds "9"]
[EventCountry "POL"]
[SourceTitle "EXT 2014"]
[Source "ChessBase"]
[SourceDate "2013.11.20"]
[SourceVersion "1"]
[SourceVersionDate "2013.11.20"]
[SourceQuality "1"]

1. d4 Nf6 2. Nf3 g6 3. g3 Bg7 4. c4 c5 5. b3 cxd4 6. Nxd4 d5 7. Bb2 dxc4 8. bxc4 Ne4 9. Qa4+ Qd7 10. Qxd7+ Bxd7 11. Bg2 Nc6 12. e3 Nc5 13. Ke2 Na4 14. Bc3 Nxc3+ 15. Nxc3 Nxd4+ 16. exd4 Bxd4 17. Nd5 Rc8 18. Rac1 e6 19. Rhd1 Bg7 20. Ne3 b6 21. Bb7 Rc5 22. f4 Ke7 23. Rd3 Rb8 24. Bf3 b5 25. Rb3 Rbc8 26. Rd1 bxc4 27. Rb7 R8c7 28. Rxc7 Rxc7 29. Rc1 Bb2 30. Rb1 c3 31. Be4 Bb5+ 32. Kf3 Bc6 33. Nc2 Bxe4+ 34. Kxe4 Rd7 35. Nd4 Rxd4+ 36. Kxd4 c2+ 0-1